Participación comunal en asignaciones familiares (obras y actividades de las asociaciones de desarrollo comunal)

保存先:
書誌詳細
団体著者: Costa Rica. Ministerio de Gobernación. Dirección Nacional de Desarrollo de la Comunidad
フォーマット: テキスト
出版事項: San José: DINADECO
主題:
タグ: タグ追加
タグなし, このレコードへの初めてのタグを付けませんか!

MARC

LEADER 00000 a a2200000 04500
001 15616
003
040
090 |a 015700  
110 |a Costa Rica. Ministerio de Gobernación. Dirección Nacional de Desarrollo de la Comunidad  
245 |a Participación comunal en asignaciones familiares (obras y actividades de las asociaciones de desarrollo comunal)  
260 |a San José:   |b DINADECO  
300 |a 8; 120 p.  
650 |a DESARROLLO DE LA COMUNIDAD  
650 |a ASIGNACION DE RECURSOS  
999 |c 310  |d 310